[Event "Surabaya Cap Kapal op"]
[Site "Surabaya"]
[Date "2024.12.12"]
[Round "3"]
[White "Novianto, Eko"]
[Black "Saerang, Veyron Fraser"]
[Result "1-0"]
[WhiteElo "1960"]
[BlackElo "1729"]
[PlyCount "73"]
[EventDate "2024.12.12"]
[EventType "swiss"]
[EventRounds "9"]
[EventCountry "INA"]
[SourceTitle "CB52_2024"]
[SourceDate "2024.12.25"]
[SourceVersion "1"]
[SourceVersionDate "2024.12.25"]
[SourceQuality "1"]

1. c4 e5 2. Nc3 Nc6 3. Nf3 Nf6 4. d4 exd4 5. Nxd4 Bc5 6. Nxc6 bxc6 7. e3 0-0 8. Be2 d5 9. cxd5 cxd5 10. 0-0 c6 11. b3 Bf5 12. Bb2 Bb6 13. Na4 Bc7 14. Rc1 Qd6 15. g3 Bh3 16. Re1 Ba5 17. Bc3 Bxc3 18. Nxc3 Rfe8 19. Bf3 Rac8 20. Qd4 c5 21. Qh4 Bf5 22. Red1 Rcd8 23. Nxd5 Nd7 24. Nc3 Qc7 25. e4 Ne5 26. Qf4 Nxf3+ 27. Qxf3 Rxd1+ 28. Rxd1 Bg6 29. Qd3 h6 30. f3 Rc8 31. Qd7 c4 32. Qxc7 Rxc7 33. Nd5 Rc5 34. Rc1 Ra5 35. bxc4 Kf8 36. c5 f5 37. Nf4 1-0